Central Library OPAC University of Rajshahi

Digital zoology version 2.0 : (Record no. 37206)

MARC details
000 -LEADER
fixed length control field 01085nam a22003137a 4500
001 - CONTROL NUMBER
control field 37206
003 - CONTROL NUMBER IDENTIFIER
rucl marc code BD-RjUL
005 - DATE AND TIME OF LATEST TRANSACTION
control field 20211209052605.0
008 - FIXED-LENGTH DATA ELEMENTS--GENERAL INFORMATION
fixed length control field 030819s2002 maua 000 0 eng d
020 ## - INTERNATIONAL STANDARD BOOK NUMBER
International Standard Book Number 0072498889
International Standard Book Number 0072564814 (set)
International Standard Book Number 0072489529 (workbook : alk. paper)
International Standard Book Number 0072489480 (CD)
035 ## - SYSTEM CONTROL NUMBER
System control number (OCoLC)ocm52868992
040 ## - CATALOGING SOURCE
Original cataloging agency HUA
Transcribing agency HUA
Modifying agency DLC
-- BD-RjUL
Language of cataloging eng
041 ## - LANGUAGE CODE
Language code of text/sound track or separate title eng
082 00 - DEWEY DECIMAL CLASSIFICATION NUMBER
Classification number 590
Edition number 22
Author mark and year HOD 2002
100 1# - MAIN ENTRY--PERSONAL NAME
Personal name Houseman, Jon G.,
Dates associated with a name 1954-
9 (RLIN) 113918
245 10 - TITLE STATEMENT
Title Digital zoology version 2.0 :
Remainder of title CD-ROM and student workbook /
Statement of responsibility, etc. Jon G. Houseman.
260 ## - PUBLICATION, DISTRIBUTION, ETC. (IMPRINT)
Place of publication, distribution, etc. Boston :
Name of publisher, distributor, etc. McGraw-Hill,
Date of publication, distribution, etc. c2003.
300 ## - PHYSICAL DESCRIPTION
Pagination xxi, 200 p. :
Illustrations ill. ;
Size 26 cm. +
650 #0 - SUBJECT ADDED ENTRY--TOPICAL TERM
Topical term or geographic name as entry element Zoology
General subdivision Computer-assisted instruction.
9 (RLIN) 113919
Topical term or geographic name as entry element Zoology
Form subdivision Problems, exercises, etc.
9 (RLIN) 113920
856 41 - ELECTRONIC LOCATION AND ACCESS
Materials specified Table of contents
Uniform Resource Identifier <a href="http://www.loc.gov/catdir/toc/mh041/2003274937.html">http://www.loc.gov/catdir/toc/mh041/2003274937.html</a>
Materials specified Publisher description
Uniform Resource Identifier <a href="http://www.loc.gov/catdir/description/mh041/2003274937.html">http://www.loc.gov/catdir/description/mh041/2003274937.html</a>
942 ## - ADDED ENTRY ELEMENTS (KOHA)
Source of classification or shelving scheme Dewey Decimal Classification
Koha item type Books
Holdings
Lost status Source of classification or shelving scheme Damaged status Not for loan Permanent Location Current Location Shelving location Date acquired Source of acquisition Total Checkouts Full call number Date last seen Copy number Koha item type
  Dewey Decimal Classification   Not For Loan Institute of Biological Sciences (IBSc) Library Institute of Biological Sciences (IBSc) Library   12/11/2014 Donation   590 HOD 2002 12/11/2014 C-2 Books